Prima! Deutsch für Schüler; Lehrbuch 2
Salvato in:
| Altri autori: | |
|---|---|
| Natura: | Libro |
| Lingua: | tedesco italiano |
| Pubblicazione: |
Firenze
Sansoni per la Scuola
1995
|
| Edizione: | 2. ed. |
| Catalogo: | GEI: Risultati della ricerca del catalogo della biblioteca |
| Libro di testo Classificazione: |
|
| Soggetti: | |
| Tags: |
Aggiungi Tag
Nessun Tag, puoi essere il primo ad aggiungerne!!
|
| Aggiunto a: | 2008-04-27 |
| Cambiato in: | 2007-09-17 |
MARC
| LEADER | 00000cam a2200000 cc4500 | ||
|---|---|---|---|
| 001 | 564436607 | ||
| 003 | DE-627 | ||
| 005 | 20251203183725.0 | ||
| 007 | tu | ||
| 008 | 080428s1995 it ||||| 00| ||ger c | ||
| 020 | |a 883831554X |9 88-383-1554-X | ||
| 035 | |a (DE-627)564436607 | ||
| 035 | |a (DE-599)GBV564436607 | ||
| 035 | |a (OCoLC)837580782 | ||
| 040 | |a DE-627 |b ger |c DE-627 |e rakwb | ||
| 041 | |a ger |a ita | ||
| 044 | |c XA-IT | ||
| 084 | |a 30 |2 ssgn | ||
| 084 | |a f2013:0231 |2 isced | ||
| 084 | |a p2011:9 |2 isced | ||
| 245 | 0 | 0 | |a Prima! |b Deutsch für Schüler; Lehrbuch |n 2 |c Hella Voit ... |
| 246 | 3 | 3 | |a Prima! ; 2 |
| 250 | |a 2. ed. | ||
| 264 | 1 | |a Firenze |b Sansoni per la Scuola |c 1995 | |
| 300 | |a 279 S. |b Ill., Tab. | ||
| 336 | |a Text |b txt |2 rdacontent | ||
| 337 | |a ohne Hilfsmittel zu benutzen |b n |2 rdamedia | ||
| 338 | |a Band |b nc |2 rdacarrier | ||
| 583 | 1 | |a Archivierung prüfen |c 20240324 |f DE-4165 |z 1 |2 pdager | |
| 655 | 7 | |a Schulbuch |0 (DE-588)4053458-3 |0 (DE-627)104383704 |0 (DE-576)209103922 |2 gnd-content | |
| 689 | 0 | 0 | |D s |0 (DE-588)4011975-0 |0 (DE-627)106350390 |0 (DE-576)208896384 |a Deutschunterricht |2 gnd |
| 689 | 0 | 1 | |D g |0 (DE-588)4027833-5 |0 (DE-627)106283235 |0 (DE-576)208972501 |a Italien |2 gnd |
| 689 | 0 | |5 (DE-627) | |
| 700 | 1 | |a Voit, Hella |4 oth | |
| 773 | 1 | 8 | |w (DE-627)56446449X |w (DE-576)9564464498 |g 2 |q 295.1995 |7 nnam |
| 912 | |a GBV_ILN_216 | ||
| 912 | |a ISIL_DE-Bs78 | ||
| 912 | |a SYSFLAG_1 | ||
| 912 | |a GBV_KXP | ||
| 951 | |a MV | ||
| 980 | |2 216 |1 01 |x 3708 |b 871670232 |c 00 |f --%%-- |d I D-30(2,95)2 |e u |j --%%-- |h 020.20.0030.0002.00.1995.002. |y nsb |z 18-09-07 | ||
| 983 | |2 216 |1 00 |x DE-Bs78 |8 00 |a l020 | ||
| 983 | |2 216 |1 00 |x DE-Bs78 |8 00 |a z506 | ||
| 983 | |2 216 |1 00 |x DE-Bs78 |8 00 |a dsb | ||
| 984 | |2 216 |1 01 |x 3708 |a BS78$10641513 | ||
| 985 | |2 216 |1 01 |x 3708 |a 96/1186 | ||
| 995 | |2 216 |1 01 |x 3708 |a 020.20.0030.0002.00.1995.002. | ||